[Event "Sao Paulo Freitas op 2nd"]
[Site "Sao Paulo"]
[Date "2016.04.16"]
[Round "3"]
[White "Da Silva, Wagner Jose"]
[Black "Cunha, Eduardo Arruda da G"]
[Result "0-1"]
[WhiteElo "1902"]
[BlackElo "2331"]
[PlyCount "140"]
[EventDate "2016.04.15"]
[EventType "swiss"]
[EventRounds "6"]
[EventCountry "BRA"]
[SourceTitle "CBM 171 Extra"]
[Source "ChessBase"]
[SourceDate "2016.04.26"]
[SourceVersion "1"]
[SourceVersionDate "2016.04.26"]
[SourceQuality "1"]

1. e4 c5 2. Nf3 d6 3. d4 cxd4 4. Nxd4 Nf6 5. Nc3 a6 6. Bg5 e6 7. f4 h6 8. Bh4 Qb6 9. Qd3 Qxb2 10. Rb1 Qa3 11. Be2 Be7 12. 0-0 Nbd7 13. Kh1 Nc5 14. Qg3 0-0 15. Nd5 Qxg3 16. Nxe7+ Kh8 17. Bxg3 Bd7 18. f5 e5 19. Nb3 Ncxe4 20. Bc4 Nc3 21. Rbd1 b5 22. Bd5 Rae8 23. Rd3 b4 24. Bc4 Rxe7 25. Rxd6 Bb5 26. Bxb5 axb5 27. Bh4 Nce4 28. Rb6 Rc7 29. Rxb5 Rxc2 30. Rxe5 Rxa2 31. Kg1 Rc8 32. Bxf6 Rcc2 33. Re8+ Kh7 34. Be5 Rxg2+ 35. Kh1 f6 36. Bb8 Rge2 37. Rd8 Nf2+ 38. Kg2 Ng4+ 39. Kf3 Nxh2+ 40. Bxh2 Rxh2 41. Nd4 Ra3+ 42. Ke4 Rh4+ 43. Kd5 h5 44. Rb1 Ra5+ 45. Kc4 Rxf5 46. Rxb4 Rff4 47. Kc5 Rhg4 48. Rd7 h4 49. Rb3 Kh6 50. Rf3 Rxf3 51. Nxf3 Rf4 52. Ng1 g5 53. Rd3 g4 54. Rd5 Rf2 55. Rd8 Kg5 56. Kd4 h3 57. Ke3 Ra2 58. Rg8+ Kh4 59. Rh8+ Kg3 60. Ne2+ Rxe2+ 61. Kxe2 Kg2 62. Rh4 f5 63. Rh5 f4 64. Rc5 h2 65. Rc2 h1Q 66. Kd3+ Kg3 67. Rc7 Qd1+ 68. Ke4 Qa4+ 69. Kd3 Qa6+ 70. Ke4 Qe6+ 0-1

[Event "Nova Odessa Regional 9th"]
[Site "Nova Odessa"]
[Date "2016.01.30"]
[Round "3"]
[White "Duraes, Thiago Nogueira"]
[Black "Da Silva, Wagner Jose"]
[Result "1/2-1/2"]
[WhiteElo "1668"]
[BlackElo "1895"]
[PlyCount "108"]
[EventDate "2016.01.30"]
[EventType "swiss"]
[EventRounds "5"]
[EventCountry "BRA"]
[SourceTitle "EXT 2017"]
[Source "ChessBase"]
[SourceDate "2016.10.25"]
[SourceVersion "1"]
[SourceVersionDate "2016.10.25"]
[SourceQuality "1"]

1. d4 d5 2. c4 e6 3. Nc3 Nf6 4. Nf3 Nbd7 5. cxd5 exd5 6. h3 c6 7. Bf4 Bb4 8. e3 Ne4 9. Rc1 Qa5 10. Qb3 Ndf6 11. a3 Be7 12. Be2 0-0 13. 0-0 Nxc3 14. Qxc3 Qxc3 15. Rxc3 Ne4 16. Rcc1 a5 17. Rfd1 g5 18. Bh2 g4 19. hxg4 Bxg4 20. Kf1 f6 21. Ne1 Bf5 22. Bd3 Bg6 23. Nf3 Bh5 24. Ke2 Kh8 25. Rh1 Rg8 26. Rcg1 Rg7 27. Bf4 Bg4 28. Ke1 Bxf3 29. gxf3 Rxg1+ 30. Rxg1 Ng5 31. Bxg5 fxg5 32. Rh1 h5 33. Rxh5+ Kg7 34. a4 Rh8 35. Rxh8 Kxh8 36. Ke2 Kg7 37. e4 c5 38. Ke3 dxe4 39. fxe4 cxd4+ 40. Kxd4 b6 41. f3 Bc5+ 42. Kd5 Kf7 43. e5 Ke7 44. Bc4 Bg1 45. b3 Bf2 46. Ke4 Bg1 47. f4 gxf4 48. Kxf4 Bc5 49. Ke4 Bg1 50. Kd5 Bf2 51. Kc6 Bg1 52. Kb5 Bf2 53. b4 axb4 54. Kxb4 Bg1 1/2-1/2

[Event "Cordeiropolis Freitas Levy Memorial"]
[Site "Cordeiropolis"]
[Date "2015.05.24"]
[Round "5"]
[White "Da Silva, Wagner Jose"]
[Black "Caris, Eduardo"]
[Result "1/2-1/2"]
[WhiteElo "1928"]
[BlackElo "1813"]
[PlyCount "178"]
[EventDate "2015.05.22"]
[EventType "swiss"]
[EventRounds "6"]
[EventCountry "BRA"]
[SourceTitle "CBM 166 Extra"]
[Source "ChessBase"]
[SourceDate "2015.06.18"]
[SourceVersion "1"]
[SourceVersionDate "2015.06.18"]
[SourceQuality "1"]

1. e4 c6 2. d4 d5 3. exd5 cxd5 4. Bd3 Nc6 5. c3 Nf6 6. Bf4 Bg4 7. Qb3 Qc8 8. Nd2 e6 9. Ngf3 Be7 10. 0-0 0-0 11. Rfe1 a6 12. a4 Bh5 13. Ne5 Nxe5 14. dxe5 Nd7 15. Qc2 Bg6 16. Rac1 Qc6 17. Bxg6 hxg6 18. Nf3 Rac8 19. Nd4 Qb6 20. Nf3 Rc4 21. Be3 Qc7 22. b3 Re4 23. Bd4 Rxe1+ 24. Rxe1 Rc8 25. Qb2 Nc5 26. Bxc5 Qxc5 27. Re3 Qa3 28. Qxa3 Bxa3 29. Nd4 Bc5 30. Kf1 Bxd4 31. cxd4 Rc2 32. Rd3 g5 33. h3 Kh7 34. g3 Kg6 35. Kg2 b5 36. axb5 axb5 37. Kf3 Kf5 38. g4+ Kg6 39. Ke3 b4 40. Rd2 Rc1 41. Ke2 Kh7 42. Rd3 Kg8 43. Kd2 Rc7 44. Ke3 Kf8 45. Kd2 Ke7 46. Kd1 Kd7 47. Ke2 Kc6 48. Ke3 Kb5 49. f4 gxf4+ 50. Kxf4 Rc1 51. Ke3 Rh1 52. Kd2 Rh2+ 53. Kc1 Rf2 54. g5 Kc6 55. g6 Kd7 56. gxf7 Ke7 57. Rd2 Rxd2 58. f8Q+ Kxf8 59. Kxd2 Kf7 60. Ke3 Kg6 61. Kf4 Kh5 62. Kg3 Kg5 63. h4+ Kf5 64. Kf3 g6 65. Kg3 Ke4 66. Kg4 Kxd4 67. Kg5 Kc3 68. Kxg6 d4 69. h5 d3 70. h6 d2 71. h7 d1Q 72. h8Q Qg4+ 73. Kf7 Kxb3 74. Qh2 Ka3 75. Qc2 b3 76. Qc3 Qf5+ 77. Ke7 Ka2 78. Qa5+ Kb1 79. Qe1+ Kb2 80. Qd2+ Kb1 81. Qd1+ Ka2 82. Qd2+ Qc2 83. Qa5+ Kb1 84. Kxe6 b2 85. Qe1+ Qc1 86. Qe4+ Ka2 87. Qa4+ Kb1 88. Qe4+ Ka1 89. Qa4+ Kb1 1/2-1/2

[Event "Cordeiropolis Freitas Levy Memorial"]
[Site "Cordeiropolis"]
[Date "2015.05.23"]
[Round "3"]
[White "Da Silva, Wagner Jose"]
[Black "Auriemo, Danielle Ferreira"]
[Result "1-0"]
[WhiteElo "1928"]
[BlackElo "1643"]
[PlyCount "31"]
[EventDate "2015.05.22"]
[EventType "swiss"]
[EventRounds "6"]
[EventCountry "BRA"]
[SourceTitle "CBM 166 Extra"]
[Source "ChessBase"]
[SourceDate "2015.06.18"]
[SourceVersion "1"]
[SourceVersionDate "2015.06.18"]
[SourceQuality "1"]

1. e4 e5 2. Nf3 Nc6 3. Bc4 Be7 4. d4 exd4 5. c3 Nf6 6. e5 Ng4 7. cxd4 d5 8. Bb5 Bd7 9. Nc3 a6 10. Ba4 b5 11. Bb3 Be6 12. 0-0 h5 13. Ne2 g5 14. Bd2 Nh6 15. Qc1 g4 16. Qxc6+ 1-0

[Event "Campinas Fazer op"]
[Site "Campinas"]
[Date "2015.03.20"]
[Round "1"]
[White "Da Silva, Wagner Jose"]
[Black "El Debs, Felipe de Cresce"]
[Result "0-1"]
[WhiteElo "1896"]
[BlackElo "2524"]
[PlyCount "52"]
[EventDate "2015.03.20"]
[EventType "swiss"]
[EventRounds "6"]
[EventCountry "BRA"]
[SourceTitle "EXT 2018"]
[Source "ChessBase"]
[SourceDate "2017.10.13"]
[SourceVersion "1"]
[SourceVersionDate "2017.10.13"]
[SourceQuality "1"]

1. d4 d5 2. Nf3 Nf6 3. Bf4 c5 4. c3 e6 5. e3 Nc6 6. Bd3 Bd6 7. Bg5 0-0 8. 0-0 e5 9. dxe5 Nxe5 10. Nxe5 Bxe5 11. Nd2 h6 12. Bh4 Re8 13. f4 Bd6 14. e4 c4 15. Bc2 Qb6+ 16. Bf2 Bc5 17. Qf3 dxe4 18. Nxc4 exf3 19. Nxb6 Bxb6 20. gxf3 Bh3 21. Rfe1 Rxe1+ 22. Rxe1 Re8 23. Rxe8+ Nxe8 24. Bd4 Be6 25. Kf2 Nd6 26. b3 Bxd4+ 0-1

[Event "Americana Region-ch 5th"]
[Site "Americana"]
[Date "2014.04.26"]
[Round "3"]
[White "Oliveira, Fernando Henrique"]
[Black "Da Silva, Wagner Jose"]
[Result "1-0"]
[WhiteElo "2136"]
[BlackElo "1920"]
[PlyCount "63"]
[EventDate "2014.04.26"]
[EventType "swiss"]
[EventRounds "5"]
[EventCountry "BRA"]
[SourceTitle "CBM 160 Extra"]
[Source "ChessBase"]
[SourceDate "2014.07.01"]
[SourceVersion "1"]
[SourceVersionDate "2014.07.01"]
[SourceQuality "1"]

1. d4 d5 2. c4 e6 3. Nf3 Nf6 4. Nc3 c6 5. g3 Bb4 6. Bg2 Ne4 7. Qc2 Qa5 8. Bd2 Nxd2 9. Nxd2 Bxc3 10. bxc3 f5 11. 0-0 0-0 12. Rab1 Nd7 13. cxd5 cxd5 14. c4 Nf6 15. Rb5 Qd8 16. cxd5 exd5 17. Qb3 Kh8 18. Bxd5 Nxd5 19. Qxd5 Qe7 20. Qc5 Qf7 21. Nf3 b6 22. Qa3 Bb7 23. Re5 Qh5 24. d5 Rf6 25. Rd1 g5 26. Qe7 Rf7 27. Qxg5 Qh3 28. Re7 Rg8 29. Rxf7 Rxg5 30. Nxg5 Qg4 31. Rxb7 Qxe2 32. Rc1 1-0

[Event "Batatais IRT op"]
[Site "Batatais"]
[Date "2014.01.19"]
[Round "4"]
[White "Da Silva, Wagner Jose"]
[Black "Pastana, Rafael Pedroni"]
[Result "1-0"]
[WhiteElo "1891"]
[BlackElo "1886"]
[PlyCount "43"]
[EventDate "2014.01.18"]
[EventType "swiss"]
[EventRounds "5"]
[EventCountry "BRA"]
[SourceTitle "CBM 158 Extra"]
[Source "ChessBase"]
[SourceDate "2014.02.28"]
[SourceVersion "1"]
[SourceVersionDate "2014.02.28"]
[SourceQuality "1"]

1. e4 c5 2. Nf3 d6 3. d4 cxd4 4. Nxd4 Nf6 5. Nc3 a6 6. Bg5 e6 7. f4 Be7 8. Qf3 Nbd7 9. Bc4 Nc5 10. b4 Ncxe4 11. Nxe4 d5 12. Nxf6+ gxf6 13. Bxd5 fxg5 14. Nxe6 Bxe6 15. Bxe6 fxe6 16. Qh5+ Kf8 17. Qh6+ Kf7 18. 0-0 Qd4+ 19. Kh1 Raf8 20. fxg5+ Ke8 21. Qh5+ Kd7 22. Rfd1 1-0

[Event "Iracemapolis op 4th"]
[Site "Iracemapolis"]
[Date "2013.11.10"]
[Round "5"]
[White "Da Silva, Wagner Jose"]
[Black "Cardoso, Julia Aguiar Vieira"]
[Result "1-0"]
[WhiteElo "1891"]
[BlackElo "1748"]
[PlyCount "135"]
[EventDate "2013.11.08"]
[EventType "swiss"]
[EventRounds "6"]
[EventCountry "BRA"]
[SourceTitle "CBM 157 Extra"]
[Source "ChessBase"]
[SourceDate "2013.12.19"]
[SourceVersion "1"]
[SourceVersionDate "2013.12.19"]
[SourceQuality "1"]

1. f4 e6 2. Nf3 d5 3. e3 c5 4. Be2 Nc6 5. 0-0 Nf6 6. Bb5 Bd7 7. Bxc6 Bxc6 8. d3 Bd6 9. b3 Bc7 10. Ne5 d4 11. Nxc6 bxc6 12. e4 h5 13. Ba3 Ng4 14. Qf3 Qh4 15. Qg3 Qxg3 16. hxg3 Bd6 17. e5 Be7 18. Bc1 Kd7 19. Na3 h4 20. Rf3 h3 21. Rf1 Rh5 22. Nc4 Rah8 23. Bd2 h2+ 24. Kh1 R5h7 25. f5 Rh5 26. fxe6+ fxe6 27. Rae1 Nh6 28. Bxh6 R8xh6 29. Rf7 Rg6 30. Rf3 Rgg5 31. Re4 Rg6 32. Ref4 Rgg5 33. Rh4 Ke8 34. Rxh2 Rxh2+ 35. Kxh2 Rh5+ 36. Kg1 g6 37. a4 a6 38. Rf1 Rg5 39. Kf2 Rf5+ 40. Ke2 Rh5 41. g4 Rh8 42. Nd2 Rh4 43. Kf3 Rh8 44. Ne4 Rf8+ 45. Ke2 Rxf1 46. Kxf1 Kf8 47. g5 Ke8 48. Ke2 Kd7 49. Nf6+ Kd8 50. Kd2 Kc8 51. Kc1 Kb7 52. Kb2 Kb6 53. Ne4 Kc7 54. Kc1 Kd7 55. Kd2 Kc7 56. Ke2 Kd7 57. Kf3 Kc7 58. Kf4 Kb7 59. Nd6+ Kc7 60. Nc4 Kb7 61. Nd2 Kb6 62. Nf3 Ka5 63. Nh4 Kb4 64. Nxg6 Bxg5+ 65. Kxg5 Kc3 66. Nf4 Kxc2 67. Kf6 Kxb3 68. g4 1-0

[Event "Iracemapolis op 4th"]
[Site "Iracemapolis"]
[Date "2013.11.09"]
[Round "3"]
[White "Kado, Jessica Natalia"]
[Black "Da Silva, Wagner Jose"]
[Result "0-1"]
[WhiteElo "1770"]
[BlackElo "1891"]
[PlyCount "80"]
[EventDate "2013.11.08"]
[EventType "swiss"]
[EventRounds "6"]
[EventCountry "BRA"]
[SourceTitle "CBM 157 Extra"]
[Source "ChessBase"]
[SourceDate "2013.12.19"]
[SourceVersion "1"]
[SourceVersionDate "2013.12.19"]
[SourceQuality "1"]

1. d4 d5 2. Nf3 Nf6 3. e3 Bf5 4. c4 e6 5. Nc3 c6 6. Be2 Nbd7 7. Nh4 Bg6 8. Nxg6 hxg6 9. cxd5 exd5 10. a3 Qc7 11. g3 Bd6 12. Bg4 Nxg4 13. Qxg4 Nf6 14. Qf3 Qb6 15. 0-0 0-0 16. b4 Rfe8 17. b5 Ne4 18. Nxe4 dxe4 19. Qg4 Qxb5 20. f3 Qf5 21. Qxf5 gxf5 22. a4 exf3 23. Rxf3 g6 24. Bd2 c5 25. dxc5 Bxc5 26. Rc1 b6 27. Re1 Rad8 28. Bc1 Re4 29. Kf2 Rxa4 30. Rf4 Rxf4+ 31. gxf4 a5 32. h4 a4 33. Re2 a3 34. Rc2 Kg7 35. Ra2 Rd3 36. Ke2 Rc3 37. Bd2 Rb3 38. Rc2 Kh6 39. Bc3 a2 40. Rc1 Rxc3 0-1

[Event "Iracemapolis op 4th"]
[Site "Iracemapolis"]
[Date "2013.11.09"]
[Round "4"]
[White "Saito, Vinicius Ikezu"]
[Black "Da Silva, Wagner Jose"]
[Result "1-0"]
[WhiteElo "2082"]
[BlackElo "1891"]
[PlyCount "61"]
[EventDate "2013.11.08"]
[EventType "swiss"]
[EventRounds "6"]
[EventCountry "BRA"]
[SourceTitle "CBM 157 Extra"]
[Source "ChessBase"]
[SourceDate "2013.12.19"]
[SourceVersion "1"]
[SourceVersionDate "2013.12.19"]
[SourceQuality "1"]

1. c4 Nf6 2. d4 e6 3. Nf3 d5 4. e3 c6 5. Bd3 Nbd7 6. b3 Bb4+ 7. Bd2 Bd6 8. Bc3 Qc7 9. c5 Be7 10. Nbd2 0-0 11. b4 Ne8 12. Ne5 f5 13. f4 Ndf6 14. 0-0 g6 15. Ndf3 Ne4 16. Be1 N8f6 17. Bh4 Kg7 18. Qe1 Rh8 19. h3 a6 20. g4 Re8 21. Kh2 Ng8 22. Rg1 Rf8 23. Rb1 Qd8 24. Rb2 Kh8 25. Rbg2 Bd7 26. gxf5 Bxh4 27. Nxh4 Kg7 28. Nhxg6 hxg6 29. Rxg6+ Kh7 30. Rg7+ Kh8 31. Rxd7 1-0

[Event "Sao Sebastiao op"]
[Site "Sao Sebastiao do Paraiso"]
[Date "2013.10.06"]
[Round "6"]
[White "Da Silva, Wagner Jose"]
[Black "Pires, Marcos Vinicius Tor"]
[Result "0-1"]
[WhiteElo "1843"]
[BlackElo "2144"]
[PlyCount "124"]
[EventDate "2013.10.04"]
[EventType "swiss"]
[EventRounds "6"]
[EventCountry "BRA"]
[SourceTitle "EXT 2014"]
[Source "ChessBase"]
[SourceDate "2013.11.20"]
[SourceVersion "1"]
[SourceVersionDate "2013.11.20"]
[SourceQuality "1"]

1. e4 e5 2. Nf3 Nc6 3. Bc4 Nf6 4. d4 exd4 5. Ng5 d5 6. exd5 Na5 7. Qxd4 Nxc4 8. Qxc4 h6 9. Nf3 Nxd5 10. 0-0 Be7 11. Rd1 c6 12. Qe2 Qc7 13. c4 Nf4 14. Qe4 Ne6 15. Nc3 0-0 16. Be3 Bd7 17. Ne5 f5 18. Rxd7 fxe4 19. Rxc7 Nxc7 20. Nxe4 Rfe8 21. Ng6 Bb4 22. Ng3 Kh7 23. Nh4 Ne6 24. Nf3 Bc5 25. Bd2 Nd4 26. Ne1 Ne2+ 27. Kf1 Nxg3+ 28. hxg3 Rad8 29. Nf3 Rf8 30. Bc3 g5 31. b4 Be7 32. Re1 Rfe8 33. b5 Bc5 34. Rxe8 Rxe8 35. bxc6 bxc6 36. Ne5 Bb4 37. Ba1 c5 38. Ke2 Rd8 39. Nd3 Re8+ 40. Kf3 g4+ 41. Kxg4 Re4+ 42. f4 Rxc4 43. Bf6 Bc3 44. Be7 Bd4 45. Kf5 Rc2 46. g4 c4 47. Nb4 Rxg2 48. g5 hxg5 49. fxg5 c3 50. Nd3 c2 51. Ke4 Bb2 52. Bc5 Re2+ 53. Kf3 Rd2 54. g6+ Kxg6 55. Nf4+ Kh7 56. Bxa7 c1Q 57. Be3 Qc6+ 58. Kg4 Rg2+ 59. Kf5 Bc1 60. Bxc1 Qxc1 61. Nxg2 Qc2+ 62. Ke5 Qxg2 0-1

[Event "Sao Sebastiao op"]
[Site "Sao Sebastiao do Paraiso"]
[Date "2013.10.06"]
[Round "5"]
[White "Ramos, Erick Alexandre"]
[Black "Da Silva, Wagner Jose"]
[Result "0-1"]
[WhiteElo "1771"]
[BlackElo "1843"]
[PlyCount "82"]
[EventDate "2013.10.04"]
[EventType "swiss"]
[EventRounds "6"]
[EventCountry "BRA"]
[SourceTitle "EXT 2014"]
[Source "ChessBase"]
[SourceDate "2013.11.20"]
[SourceVersion "1"]
[SourceVersionDate "2013.11.20"]
[SourceQuality "1"]

1. e4 d5 2. e5 c5 3. f4 Nc6 4. Nf3 Bg4 5. Bb5 a6 6. Bxc6+ bxc6 7. h3 Bf5 8. d4 e6 9. c3 cxd4 10. Qa4 Rc8 11. cxd4 Qb6 12. Nc3 Bb4 13. a3 Bxc3+ 14. bxc3 Qb5 15. Qxb5 cxb5 16. Bb2 Bc2 17. 0-0 Ne7 18. g4 h5 19. Rf2 hxg4 20. hxg4 Be4 21. Kg2 Kd7 22. Kg3 Bxf3 23. Rxf3 Rh7 24. Rg1 Rch8 25. Rf2 Rh3+ 26. Kg2 R8h4 27. Kf1 Rd3 28. Rc2 Rd1+ 29. Kf2 Rxg1 30. Kxg1 Rxg4+ 31. Rg2 Rxg2+ 32. Kxg2 Kc6 33. Kf3 Kb6 34. Ke3 Ka5 35. Kd3 Ka4 36. Kc2 Nc6 37. Bc1 Na5 38. Kb2 Nc4+ 39. Ka2 a5 40. Kb1 Kb3 41. f5 exf5 0-1

[Event "Sao Sebastiao op"]
[Site "Sao Sebastiao do Paraiso"]
[Date "2013.10.05"]
[Round "4"]
[White "Da Silva, Wagner Jose"]
[Black "Dias, Matheus Nunes"]
[Result "1-0"]
[WhiteElo "1843"]
[BlackElo "1612"]
[PlyCount "43"]
[EventDate "2013.10.04"]
[EventType "swiss"]
[EventRounds "6"]
[EventCountry "BRA"]
[SourceTitle "EXT 2014"]
[Source "ChessBase"]
[SourceDate "2013.11.20"]
[SourceVersion "1"]
[SourceVersionDate "2013.11.20"]
[SourceQuality "1"]

1. e4 e6 2. d4 d5 3. e5 c5 4. c3 Nc6 5. Nf3 Qb6 6. Bd3 Bd7 7. 0-0 cxd4 8. cxd4 Nxd4 9. Nxd4 Qxd4 10. Nc3 a6 11. Qe2 Nh6 12. Rd1 Qg4 13. f3 Bc5+ 14. Kh1 Qh4 15. g3 Qh3 16. Qe1 f5 17. exf6 gxf6 18. Nxd5 Bc6 19. Nxf6+ Kf7 20. Ne4 Rhg8 21. Bf1 Bxe4 22. Bxh3 1-0

[Event "Sao Sebastiao op"]
[Site "Sao Sebastiao do Paraiso"]
[Date "2013.10.04"]
[Round "1"]
[White "Da Silva, Wagner Jose"]
[Black "De Castro, Pablo Luis Fonseca"]
[Result "0-1"]
[WhiteElo "1843"]
[BlackElo "1855"]
[PlyCount "62"]
[EventDate "2013.10.04"]
[EventType "swiss"]
[EventRounds "6"]
[EventCountry "BRA"]
[SourceTitle "EXT 2014"]
[Source "ChessBase"]
[SourceDate "2013.11.20"]
[SourceVersion "1"]
[SourceVersionDate "2013.11.20"]
[SourceQuality "1"]

1. e4 c5 2. Nf3 d6 3. d4 cxd4 4. Nxd4 Nf6 5. Nc3 a6 6. Bg5 Nbd7 7. Be2 Qa5 8. Qd2 h6 9. Be3 e6 10. 0-0 Be7 11. a3 Ne5 12. h3 Qc7 13. f4 Nc4 14. Bxc4 Qxc4 15. Qf2 Qc7 16. Qg3 b5 17. e5 dxe5 18. fxe5 Bb7 19. Qf4 g5 20. Qh2 Nd7 21. g3 Qxe5 22. Qf2 0-0 23. Rae1 Bc5 24. Kh2 Rac8 25. Qd2 Rfd8 26. Qf2 Qg7 27. Rd1 Nb6 28. Nxe6 Bxe3 29. Rxd8+ Rxd8 30. Qxf7+ Qxf7 31. Rxf7 Rd2+ 0-1

[Event "Americana Paulista op"]
[Site "Americana"]
[Date "2013.09.20"]
[Round "2"]
[White "Da Silva, Wagner Jose"]
[Black "Martinatti, Vinicius Cardoso"]
[Result "1-0"]
[WhiteElo "1843"]
[BlackElo "1800"]
[PlyCount "31"]
[EventDate "2013.09.20"]
[EventType "swiss"]
[EventRounds "6"]
[EventCountry "BRA"]
[SourceTitle "CBM 156 Extra"]
[Source "ChessBase"]
[SourceDate "2013.10.22"]
[SourceVersion "1"]
[SourceVersionDate "2013.10.22"]
[SourceQuality "1"]

1. e4 c5 2. Nf3 d6 3. d4 cxd4 4. Nxd4 Nf6 5. Nc3 g6 6. f4 Bg7 7. e5 dxe5 8. fxe5 Ng4 9. Bb5+ Nc6 10. Nxc6 Qxd1+ 11. Nxd1 Bd7 12. Nd4 Nxe5 13. Bxd7+ Nxd7 14. Be3 e5 15. Nb5 Rc8 16. Nd6+ 1-0

[Event "Americana Paulista op"]
[Site "Americana"]
[Date "2013.09.20"]
[Round "1"]
[White "Frare, Fernando Cesar"]
[Black "Da Silva, Wagner Jose"]
[Result "1-0"]
[WhiteElo "2240"]
[BlackElo "1843"]
[PlyCount "79"]
[EventDate "2013.09.20"]
[EventType "swiss"]
[EventRounds "6"]
[EventCountry "BRA"]
[SourceTitle "CBM 156 Extra"]
[Source "ChessBase"]
[SourceDate "2013.10.22"]
[SourceVersion "1"]
[SourceVersionDate "2013.10.22"]
[SourceQuality "1"]

1. d4 Nf6 2. Nf3 e6 3. g3 d5 4. Bg2 Bd6 5. 0-0 0-0 6. b3 Nbd7 7. Bb2 c6 8. c4 b6 9. Nbd2 Qc7 10. Rc1 Ba6 11. Qc2 Rac8 12. e4 Nxe4 13. Nxe4 dxe4 14. Qxe4 Qd8 15. Rfd1 Be7 16. Rd2 Bg5 17. Nxg5 Qxg5 18. f4 Qg6 19. Qe3 Nf6 20. h3 Bb7 21. g4 Ba8 22. g5 Nd7 23. c5 h6 24. h4 Qh5 25. Qg3 hxg5 26. hxg5 Qg6 27. Re2 f5 28. Bf3 Qe8 29. Qh4 Qg6 30. Rh2 Nf6 31. Kh1 Ng4 32. Rcc2 Kf7 33. Rh3 Rh8 34. Qxh8 Rxh8 35. Rxh8 Bb7 36. cxb6 axb6 37. Ba3 e5 38. dxe5 Ke6 39. Rd2 Nf2+ 40. Kg2 1-0

[Event "Paulista-ch"]
[Site "Americana"]
[Date "2012.12.09"]
[Round "5"]
[White "Da Silva, Wagner Jose"]
[Black "Herbst Neto, Eugenio"]
[Result "1/2-1/2"]
[WhiteElo "1842"]
[BlackElo "1882"]
[PlyCount "60"]
[EventDate "2012.12.07"]
[EventType "swiss"]
[EventRounds "6"]
[EventCountry "BRA"]
[SourceTitle "EXT 2014"]
[Source "ChessBase"]
[SourceDate "2013.11.20"]
[SourceVersion "1"]
[SourceVersionDate "2013.11.20"]
[SourceQuality "1"]

1. e4 e5 2. Nf3 Nc6 3. Bc4 Bc5 4. c3 Nf6 5. d4 exd4 6. cxd4 Bb4+ 7. Nc3 d5 8. exd5 Nxd5 9. 0-0 Bxc3 10. bxc3 0-0 11. Qd3 h6 12. Re1 Na5 13. Bxd5 Qxd5 14. Re5 Qc4 15. Qxc4 Nxc4 16. Rc5 Nb6 17. Rxc7 Nd5 18. Rc5 Be6 19. Ba3 Rfc8 20. c4 Nc3 21. Rxc8+ Rxc8 22. d5 Bf5 23. c5 Nb1 24. Bb4 a5 25. Nd4 Bd3 26. Bxa5 Rxc5 27. Nb3 Rxd5 28. Bb6 Rb5 29. Be3 Nc3 30. Nc5 Bc4 1/2-1/2

[Event "Sao Jose dos Campos op"]
[Site "Sao Jose dos Campos"]
[Date "2012.12.02"]
[Round "6"]
[White "Da Silva, Wagner Jose"]
[Black "Sato, Alberto Akio"]
[Result "1-0"]
[WhiteElo "1842"]
[BlackElo "1549"]
[PlyCount "39"]
[EventDate "2012.11.29"]
[EventType "swiss"]
[EventRounds "7"]
[EventCountry "BRA"]
[SourceTitle "EXT 2014"]
[Source "ChessBase"]
[SourceDate "2013.11.20"]
[SourceVersion "1"]
[SourceVersionDate "2013.11.20"]
[SourceQuality "1"]

1. e4 c5 2. Nf3 d6 3. d4 cxd4 4. Nxd4 Nf6 5. Nc3 a6 6. Bg5 e6 7. Be2 Be7 8. a4 0-0 9. Qd2 Nc6 10. 0-0 Bd7 11. Nb3 Ne8 12. Be3 Rc8 13. a5 Bf6 14. Bb6 Bxc3 15. Qxc3 Qf6 16. Qxf6 Nxf6 17. f3 Nb4 18. c3 Nc2 19. Rac1 Ne3 20. Bxe3 1-0

[Event "Rio de Janeiro zt 2.4"]
[Site "Rio de Janeiro"]
[Date "2011.06.18"]
[Round "1"]
[White "Da Silva, Wagner Jose"]
[Black "Quintiliano Pinto, Renato Rodrigues"]
[Result "0-1"]
[WhiteElo "1828"]
[BlackElo "2259"]
[PlyCount "60"]
[EventDate "2011.06.18"]
[EventType "swiss"]
[EventRounds "9"]
[EventCountry "BRA"]
[SourceTitle "CBM 143 Extra"]
[Source "ChessBase"]
[SourceDate "2011.08.29"]
[SourceVersion "1"]
[SourceVersionDate "2011.08.29"]
[SourceQuality "1"]

1. e4 c5 2. Nf3 d6 3. d4 cxd4 4. Nxd4 Nf6 5. Nc3 g6 6. f4 Nc6 7. Nxc6 bxc6 8. e5 Nd7 9. exd6 exd6 10. Qd4 Nf6 11. Be3 Be7 12. Be2 0-0 13. Bf3 d5 14. Na4 Bf5 15. 0-0 Re8 16. c3 Nd7 17. Qd2 Bf6 18. c4 Be4 19. cxd5 cxd5 20. Rad1 Nb6 21. Nxb6 axb6 22. a3 Ra4 23. Qf2 d4 24. Bc1 d3 25. Qd2 Rd4 26. b4 Bxf3 27. Rxf3 Re2 28. Qc3 d2 29. Bb2 Re1+ 30. Rf1 Rxf1+ 0-1